Catálogo

Equilibrio múltiple : (Registro nro. 9287)

Detalles MARC
000 -LEADER
fixed length control field 01376cam a2200349 i 4500
001 - CONTROL NUMBER
control field 9287
003 - CONTROL NUMBER IDENTIFIER
control field Mx-PuUPA
005 - DATE AND TIME OF LATEST TRANSACTION
control field 20251010155257.0
008 - FIXED-LENGTH DATA ELEMENTS--GENERAL INFORMATION
fixed length control field 140415s2023 mx gr 001 0 spa d
020 ## - INTERNATIONAL STANDARD BOOK NUMBER
International Standard Book Number 9786076057636
040 ## - CATALOGING SOURCE
Transcribing agency Mx-PuUPA
Original cataloging agency Mx-PuUPA
Language of cataloging spa
Modifying agency Mx-PuUPA
Description conventions rda
041 1# - LANGUAGE CODE
Language code of text/sound track or separate title spa
-- eng
100 1# - MAIN ENTRY--PERSONAL NAME
Personal name Terrazas, Eduardo,
Dates associated with a name 1936-
Relator term autor
9 (RLIN) 17426
245 10 - TITLE STATEMENT
Title Equilibrio múltiple :
Remainder of title Obras/Proyectos 1968-2023 /
Statement of responsibility, etc. Eduardo Terrazas ; Daniel Garza Usabiaga, María Minerva, autores
250 ## - EDITION STATEMENT
Edition statement Primera edición
264 #1 - PRODUCTION, PUBLICATION, DISTRIBUTION, MANUFACTURE, AND COPYRIGHT NOTICE
Place of production, publication, distribution, manufacture Ciudad de México :
Name of producer, publisher, distributor, manufacturer Instituto Nacional de Bellas Artes y Literatura,
Date of production, publication, distribution, manufacture, or copyright notice ©2023
300 ## - PHYSICAL DESCRIPTION
Extent 219 páginas :
Other physical details ilustraciones ;
Dimensions 31 cm
336 ## - CONTENT TYPE
Fuente rdacontent
Content type term texto
Content type code txt
337 ## - MEDIA TYPE
Source rdamedia
Media type term sin medio
Media type code n
338 ## - CARRIER TYPE
Source rdacarrier
Carrier type term volumen
Carrier type code nc
546 ## - LANGUAGE NOTE
Language note Texto en inglés y español.
600 14 - SUBJECT ADDED ENTRY--PERSONAL NAME
Personal name Terrazas, Eduardo,
Dates associated with a name 1936-
Form subdivision Catálogo de exposiciones
650 #7 - SUBJECT ADDED ENTRY--TOPICAL TERM
Source of heading or term armarc
Topical term or geographic name entry element Arte mexicano
Chronological subdivision Siglo XX
Form subdivision Exposiciones
650 #7 - SUBJECT ADDED ENTRY--TOPICAL TERM
Source of heading or term armarc
Topical term or geographic name entry element Arte mexicano
Chronological subdivision Siglo XXI
Form subdivision Exposiciones
650 #7 - SUBJECT ADDED ENTRY--TOPICAL TERM
Source of heading or term armarc
Topical term or geographic name entry element Geometría en el arte
Form subdivision Exposiciones
700 1# - ADDED ENTRY--PERSONAL NAME
Personal name Garza Usabiaga, Daniel,
Dates associated with a name autor
700 1# - ADDED ENTRY--PERSONAL NAME
Personal name Minera, María,
Dates associated with a name autor
942 ## - ADDED ENTRY ELEMENTS (KOHA)
Source of classification or shelving scheme Dewey Decimal Classification
Koha item type Libro
Classification part 700.9720904
Item part E64
Existencias
Withdrawn status Lost status Source of classification or shelving scheme Damaged status Not for loan Collection code Home library Current library Shelving location Date acquired Source of acquisition Cost, normal purchase price Total Checkouts Full call number Barcode Date last seen Cost, replacement price Price effective from Koha item type
    Dewey Decimal Classification     Referencia Biblioteca Karol Wojtyla Biblioteca Karol Wojtyla Área de silencio 03/12/2013 Donación 0.00   700.9720904 E64 2023 46952 05/01/2026 0.00 03/12/2013 Folio